Statistics for Famous Belgians

Click here to take the quiz!

General Stats

  • This quiz has been taken 36 times
  • The average score is 4 of 10

Answer Stats

HintAnswer% Correct
Little blue peopleThe smurfs
87%
The muscles of BrusselsJean-Claude van Damme
77%
Inventor of a music instrumentAdolphe sax
58%
Former no. 1 in the world rankings tennisKim Clijsters
58%
Flemish Baroque painterPeter Paul Rubens
48%
Famous harmonica playerToots Thielemans
23%
painter of the Ghent Altarpiece (Lam Gods)Van Eyck
23%
previous KingAlbert 2
16%
4x winner Paris-RoubaixTom Boonen
10%
the frontman of GorkyLuc de Vos
3%

Score Distribution

Percentile by Number Answered

Percent of People with Each Score

Your Score History

You have not taken this quiz